| 000 | 00709nam a2200181 a 4500 | ||
|---|---|---|---|
| 005 | 20210223124712.0 | ||
| 008 | 020909s2000 fr r 000 0 eng d | ||
| 035 | _aUPN01000118975 | ||
| 049 | _aUNE | ||
| 050 | 4 |
_aLA1152 _bCH3.2 |
|
| 100 | 1 |
_aChavan, Madhav, _d1954- _935891 |
|
| 245 | 1 | 0 |
_aBuilding societal missions for universal pre-school and primary education : _bthe Pratham experience / _cMadhav Chavan. |
| 260 |
_aParĂs : _bUNESCO, International Institute for Educational Planning, _cc2000. |
||
| 300 |
_a129 p. : _bil. |
||
| 440 | 0 |
_aIIEP research and studies programme. _pStrategies of education and training for disadvantaged groups |
|
| 650 | 4 |
_aEDUCACION PRIMARIA - _zINDIA _917316 |
|
| 905 | _aLibro | ||
| 999 |
_c91336 _d91336 |
||